[Event "AUTO-OPEN-4606"]
[Site "http://www.queenalice.com/game.php?id=1860785"]
[Date "2025.7.29"]
[Round "1"]
[White "Pin"]
[Black "harvir"]
[Result "0-1"]
[WhiteElo "2036"]
[BlackElo "1766"]

1. d4 d5 2. Nf3 Nf6 3. Bg5 Ne4 4. Bh4 c5 5. e3 Nc6 6. Nbd2 Bf5 7. c3 Qb6 8. b3
Nxc3 9. Qc1 cxd4 10. Nxd4 Nxd4 11. Qxc3 Nc2+ 12. Kd1 Nxa1 13. Qxa1 e6 14. Be2
Be7 15. Bxe7 Kxe7 16. g4 Bg6 17. Qxg7 Rac8 18. g5 Qc5 19. Qf6+ Kd7 20. h4 Qc1#
0-1

[Event "AUTO-OPEN-4606"]
[Site "http://www.queenalice.com/game.php?id=1860786"]
[Date "2025.7.29"]
[Round "1"]
[White "harvir"]
[Black "Pin"]
[Result "1-0"]
[WhiteElo "1643"]
[BlackElo "1985"]

1. e4 c5 2. Nf3 d6 3. d4 cxd4 4. Nxd4 Nf6 5. Nc3 a6 6. f4 e5 7. Nf5 g6 8. fxe5
dxe5 9. Qxd8+ Kxd8 10. Bg5 Bg7 11. Nxg7 Nd7 12. O-O-O Ke7 13. Nd5+ Kf8 14. Nxf6
Nxf6 15. Bxf6 Bg4 16. Rd5 Rg8 17. h3 Be6 18. Nxe6+ fxe6 19. Rxe5 Kf7 20. Bg5
Rge8 21. Bc4 b5 22. Bb3 b4 23. Rf1+ Kg7 24. Rxe6 Rxe6 25. Bxe6 a5 26. Rf7+ 1-0

[Event "AUTO-OPEN-4606"]
[Site "http://www.queenalice.com/game.php?id=1860799"]
[Date "2025.7.29"]
[Round "1"]
[White "harvir"]
[Black "cerenzo72"]
[Result "0-1"]
[WhiteElo "1793"]
[BlackElo "2151"]

1. e4 e5 2. g3 d6 3. Bg2 Nc6 4. c3 Nf6 5. d3 Be7 6. Ne2 Bd7 7. O-O O-O 8. h3 Qc8
9. Kh2 Be6 10. Ng1 Qd7 11. f4 exf4 12. Bxf4 Rad8 13. Nd2 g6 14. Bh6 Rfe8 15.
Ndf3 Kh8 16. Qe2 b5 17. a3 a5 18. Rad1 Bb3 19. Rc1 a4 20. Ng5 Ng8 21. Nxf7+ Bxf7
22. Qe3 Nxh6 23. Qxh6 Bf8 24. Qf4 Be6 25. d4 Na5 26. Rce1 Nc4 27. d5 Bg8 28. Rf2
Bg7 29. Ref1 Rf8 30. Qc1 Rxf2 31. Rxf2 Ne5 32. Qc2 Bh6 33. Qe2 Rf8 34. Rxf8 Bxf8
35. Nf3 Bg7 36. Ng5 h6 37. Nf3 Nxf3+ 38. Bxf3 Be5 39. Bg4 Qe8 40. Qf1 Bh7 41.
Be2 Bg7 42. Bxb5 Qxe4 43. Bc6 Qc2+ 44. Qg2 Qb3 45. Qe2 Be5 46. Qf2 Kg7 47. h4 g5
48. hxg5 hxg5 49. Qg2 Qc2 50. Qxc2 Bxc2 51. Kh3 Bd1 52. g4 Bf4 53. Bd7 Bc1 54.
c4 Bxb2 55. Bf5 Be2 0-1

[Event "AUTO-OPEN-4606"]
[Site "http://www.queenalice.com/game.php?id=1860800"]
[Date "2025.7.29"]
[Round "1"]
[White "cerenzo72"]
[Black "harvir"]
[Result "1-0"]
[WhiteElo "2210"]
[BlackElo "1678"]

1. b3 e5 2. Bb2 d6 3. e4 g6 4. d4 Qe7 5. dxe5 dxe5 6. Nf3 Bg7 7. Nc3 c6 8. a4
Nd7 9. Bc4 Ngf6 10. Ba3 c5 11. O-O O-O 12. Qe2 a6 13. Qe3 b6 14. Rad1 Rd8 15.
Nd5 Nxd5 16. Bxd5 Rb8 17. c4 Bb7 18. Bb2 Bxd5 19. cxd5 Nf8 20. Nd2 Kh8 21. Nc4
Nd7 22. d6 Qf8 23. Qg3 f6 24. f4 Qe8 25. fxe5 fxe5 26. Rd5 Qe6 27. Nd2 Re8 28.
Nf3 a5 29. Ng5 Qxd5 30. exd5 Kg8 31. Qh3 h6 32. Ne6 Nf8 33. Nxg7 Kxg7 34. Qf3
Nd7 35. Qf7+ 1-0

[Event "AUTO-OPEN-4608"]
[Site "http://www.queenalice.com/game.php?id=1861363"]
[Date "2025.8.9"]
[Round "1"]
[White "game"]
[Black "harvir"]
[Result "1-0"]
[WhiteElo "1633"]
[BlackElo "1791"]

1. e4 e5 2. Nf3 Nc6 3. Bc4 h6 4. d4 exd4 5. Nxd4 Bc5 6. Qf3 Nf6 7. Nf5 O-O 8.
Qg3 Nh5 9. Qg4 Ne5 10. Qe2 Nxc4 11. Qxc4 d6 12. O-O Qg5 13. Bxg5 hxg5 14. Nc3
Be6 15. Nd5 Nf4 16. Nfe7+ 1-0